000
00289nam a22001217a 4500
020
_a
0-333-21616-4
082
_a
536.7 LAV'T
100
_a
LAVENDA, B. H
_9
76039
245
_a
THERMODYNAMICS OF IRREVERSIBLE PROCESSES
260
_a
LONDON
_b
MACMILLAN
_c
1978
300
_a
182P
942
_c
BK
999
_c
581440
_d
581440